000 00615nam a22002057a 4500
999 _c180540
_d180540
005 20210811120241.0
010 _aENG-129726
020 _c750.00
_a978-01-99489-37-4
035 _aEN-113258
037 _bDBAD/PUB
082 _a301.092
100 _aGupta,Dipankar
245 _aTalking Sociology :
_cDipankar Gupta
250 _a2018
260 _bOxford University press
_c2018
_aNew Delhi
270 _a2/11 Ground floor,Ansari Road,Daryaganj
_bNew Delhi
_e110002
300 _axvi;172p.
_c28cm (hbk)
500 _aconversation with Ramin Jahanbegloo
942 _2ddc
_cEN
_h301.092
_kGUP